[Event "Mercredi 2018.02.21 ABCD"]
[Site "Montreal CAN"]
[Date "2018.03.05"]
[Round "2"]
[White "Rodrigue-Lemieux, Shawn"]
[Black "Zheng, Richard"]
[Result "1-0"]
[WhiteElo "2317"]
[BlackElo "2098"]
[PlyCount "77"]
[EventDate "2018.02.21"]
[EventType "tourn"]
[EventRounds "5"]
[EventCountry "CAN"]

1. e4 e5 2. Nf3 Nf6 3. Nxe5 d6 4. Nf3 Nxe4 5. Nc3 Nxc3 6. dxc3 Be7 7. Bf4 Bf6
8. Qd2 Nc6 9. O-O-O Be6 10. Kb1 Qd7 11. h3 a6 12. Nd4 Nxd4 13. cxd4 d5 14. g4
O-O-O 15. Qa5 Qc6 16. Rd3 Qb6 17. Qxb6 cxb6 18. g5 Be7 19. Rc3+ Kd7 20. Rc7+
Ke8 21. Rxb7 b5 22. Rb6 Bc8 23. Be2 Kf8 24. h4 f6 25. Re1 Bf5 26. Rxa6 Bb4 27.
Rg1 Rc8 28. Bd3 Bxd3 29. cxd3 Be7 30. gxf6 Bxf6 31. Be5 Bxe5 32. dxe5 g6 33.
Ra7 Re8 34. f4 Re7 35. Ra8+ Re8 36. Ra5 Rb8 37. Ra7 Rc8 38. Rc1 Rxc1+ 39. Kxc1
1-0

[Event "Mercredi 2018.02.21 ABCD"]
[Site "Montreal CAN"]
[Date "2018.03.07"]
[Round "3"]
[White "Lopez Linares, Lizandro"]
[Black "Rodrigue-Lemieux, Shawn"]
[Result "1/2-1/2"]
[WhiteElo "2242"]
[BlackElo "2317"]
[PlyCount "54"]
[EventDate "2018.02.21"]
[EventType "tourn"]
[EventRounds "5"]
[EventCountry "CAN"]

1. d4 Nf6 2. Nf3 g6 3. Bg5 Bg7 4. Nbd2 c5 5. c3 d5 6. e3 Nc6 7. Bd3 O-O 8. O-O
cxd4 9. cxd4 Bf5 10. Bxf5 gxf5 11. Bxf6 Bxf6 12. Qb3 Qd7 13. Rfc1 Rfc8 14. Rc5
e6 15. Rac1 Be7 16. R5c3 Bd6 17. a3 Rab8 18. Qc2 Ne7 19. Nb1 a5 20. g3 b5 21.
Kg2 Rxc3 22. Nxc3 b4 23. axb4 Rxb4 24. Ne1 Qb7 25. Nd3 Rc4 26. Qd1 Qc6 27. Ne2
Rxc1 1/2-1/2

[Event "Mercredi 2018.02.21 ABCD"]
[Site "Montreal CAN"]
[Date "2018.03.14"]
[Round "4"]
[White "Rodrigue-Lemieux, Shawn"]
[Black "Boudreau, Daniel"]
[Result "1/2-1/2"]
[WhiteElo "2317"]
[BlackElo "2118"]
[PlyCount "127"]
[EventDate "2018.02.21"]
[EventType "tourn"]
[EventRounds "5"]
[EventCountry "CAN"]

1. Nf3 d5 2. g3 Nf6 3. Bg2 e6 4. O-O Be7 5. c4 O-O 6. e3 c5 7. cxd5 exd5 8. d4
Be6 9. b3 Nbd7 10. Bb2 Rc8 11. Nc3 c4 12. Nd2 Nb6 13. Rc1 Qd7 14. Qe2 Bh3 15.
Rfd1 Bxg2 16. Kxg2 cxb3 17. axb3 Rfe8 18. Nf3 Bd6 19. Nb5 Bb8 20. Ne5 Qf5 21.
Nd3 a6 22. Nc3 Bd6 23. Ra1 h5 24. Qf3 Qg5 25. h4 Qg6 26. Ra5 Qg4 27. Nc5 Rc7
28. Ba3 Nc8 29. b4 b6 30. Rxa6 bxc5 31. dxc5 Qc4 32. cxd6 Qxa6 33. dxc7 Qxa3
34. Nxd5 Nxd5 35. Rxd5 Qxb4 36. Rd8 Qe7 37. Qd5 Nb6 38. Qd4 Nc8 39. Kf3 Kf8 40.
Rxe8+ Qxe8 41. Qd8 Ne7 42. Qd6 f6 43. Qc5 g6 44. Qd6 Kf7 45. e4 Qc8 46. Ke3 Qe6
47. Qd8 f5 48. f3 fxe4 49. fxe4 Qg4 50. Qd6 Qe6 51. Qd8 Nf5+ 52. Kf4 Nd6 53.
Kf3 Qxe4+ 54. Kf2 Qf5+ 55. Kg1 Nc8 56. Qh8 Ne7 57. Qd8 Qh3 58. Kf2 Qh2+ 59. Kf3
Qh1+ 60. Kf2 Qc1 61. Qd7 Qc2+ 62. Kg1 Qc5+ 63. Kg2 Qc2+ 64. Kg1 1/2-1/2

[Event "Mercredi 2018.02.21 ABCD"]
[Site "Montreal CAN"]
[Date "2018.03.21"]
[Round "5"]
[White "Tremblay, Alain"]
[Black "Rodrigue-Lemieux, Shawn"]
[Result "1/2-1/2"]
[WhiteElo "2070"]
[BlackElo "2317"]
[PlyCount "30"]
[EventDate "2018.02.21"]
[EventType "tourn"]
[EventRounds "5"]
[EventCountry "CAN"]

1. e4 c6 2. d4 d5 3. exd5 cxd5 4. Bd3 Nc6 5. c3 Qc7 6. Bg5 Nf6 7. Nd2 g6 8. Qf3
Bg4 9. Qg3 Qxg3 10. hxg3 Bg7 11. f3 Bd7 12. O-O-O O-O 13. Re1 Rac8 14. Kb1 Rfe8
15. Ne2 Na5 1/2-1/2

[Event "Quebec-ch U14"]
[Site "Montreal CAN"]
[Date "2018.01.12"]
[Round "1"]
[White "Rodrigue-Lemieux, Shawn"]
[Black "Wang, Isabelle"]
[Result "1-0"]
[WhiteElo "2305"]
[BlackElo "1635"]
[PlyCount "43"]
[EventDate "2018.01.12"]
[EventType "swiss"]
[EventRounds "5"]
[EventCountry "CAN"]

1. d4 d5 2. Bf4 e6 3. Nf3 Nf6 4. e3 Be7 5. Bd3 O-O 6. Nbd2 b6 7. Ne5 Bb7 8. h4
c5 9. c3 Nc6 10. Ndf3 c4 11. Bc2 b5 12. Ng5 h6 13. Qb1 Nxe5 14. Bh7+ Kh8 15.
dxe5 Nd7 16. Bg8 g6 17. Bxf7 Bxg5 18. Bxg5 Qb6 19. Qxg6 Rxf7 20. Qxf7 Qc6 21.
Bxh6 Rg8 22. Qh5 1-0

[Event "Quebec-ch U14"]
[Site "Montreal CAN"]
[Date "2018.01.13"]
[Round "2"]
[White "Richard, Leo"]
[Black "Rodrigue-Lemieux, Shawn"]
[Result "1/2-1/2"]
[WhiteElo "1874"]
[BlackElo "2305"]
[PlyCount "76"]
[EventDate "2018.01.12"]
[EventType "swiss"]
[EventRounds "5"]
[EventCountry "CAN"]

1. e4 c6 2. d4 d5 3. exd5 cxd5 4. Bd3 Nc6 5. c3 Qc7 6. h3 Nf6 7. Nf3 g6 8. O-O
Bg7 9. Re1 O-O 10. Qe2 Nd7 11. Bg5 f6 12. Bh4 e5 13. Bg3 Qd8 14. dxe5 fxe5 15.
Bb5 e4 16. Nh2 a6 17. Ba4 Nc5 18. Bc2 Bf5 19. Nd2 Kh8 20. Nb3 Na4 21. Rab1 b5
22. f3 Qg5 23. fxe4 dxe4 24. Qe3 Qxe3+ 25. Rxe3 Rae8 26. Re2 Nb6 27. Rbe1 Nc4
28. Bxe4 Rxe4 29. Rxe4 Bxe4 30. Rxe4 Nxb2 31. Nd4 Nxd4 32. cxd4 Kg8 33. Be5 Re8
34. Re2 Nc4 35. Nf3 Nxe5 36. dxe5 h6 37. Kf1 Rc8 38. Rd2 Rc6 1/2-1/2

[Event "Quebec-ch U14"]
[Site "Montreal CAN"]
[Date "2018.01.13"]
[Round "3"]
[White "Rodrigue-Lemieux, Shawn"]
[Black "Rasmussen, Nicolas"]
[Result "1-0"]
[WhiteElo "2305"]
[BlackElo "1214"]
[PlyCount "53"]
[EventDate "2018.01.12"]
[EventType "swiss"]
[EventRounds "5"]
[EventCountry "CAN"]

1. d4 Nf6 2. Bf4 g6 3. Nc3 Bg7 4. e4 d6 5. Qd2 h6 6. f3 g5 7. Be3 e6 8. h4 Nh7
9. hxg5 hxg5 10. O-O-O Nc6 11. Nge2 Bd7 12. Ng3 Qe7 13. Nh5 f6 14. d5 Ne5 15.
dxe6 Bxe6 16. Nd5 Bxd5 17. exd5 a6 18. f4 gxf4 19. Nxf4 Ng5 20. Be2 Rxh1 21.
Rxh1 O-O-O 22. Qd4 c5 23. dxc6 Nxc6 24. Qb6 Qc7 25. Qb3 Re8 26. Nd5 Qa5 27. Bb6
1-0

[Event "Quebec-ch U14"]
[Site "Montreal CAN"]
[Date "2018.01.14"]
[Round "4"]
[White "Tanaka, Tyler"]
[Black "Rodrigue-Lemieux, Shawn"]
[Result "0-1"]
[WhiteElo "2160"]
[BlackElo "2305"]
[PlyCount "76"]
[EventDate "2018.01.12"]
[EventType "swiss"]
[EventRounds "5"]
[EventCountry "CAN"]

1. e4 c6 2. d4 d5 3. Nc3 dxe4 4. Nxe4 Nf6 5. Nxf6+ exf6 6. c3 Bd6 7. Bd3 O-O 8.
Ne2 Re8 9. O-O Nd7 10. Bf4 Nf8 11. Bxd6 Qxd6 12. Re1 Be6 13. Qc2 Rad8 14. Rad1
Ng6 15. Ng3 Qd5 16. b3 Qg5 17. Re3 Qh4 18. Bxg6 hxg6 19. Rde1 f5 20. R3e2 Rc8
21. Nf1 Red8 22. Nd2 c5 23. dxc5 Rxc5 24. Nf3 Qf6 25. Ne5 Rcc8 26. Rd2 Bd5 27.
Qd1 Bxg2 28. f4 Be4 29. Rxd8+ Rxd8 30. Qe2 g5 31. Rd1 Rxd1+ 32. Qxd1 gxf4 33.
Nf3 Qb6+ 34. Kf1 g6 35. Ng5 Qf6 36. h4 Qxc3 37. Qd8+ Kg7 38. Qe7 Qc1+ 0-1

[Event "Quebec-ch U14"]
[Site "Montreal CAN"]
[Date "2018.01.14"]
[Round "5"]
[White "Rodrigue-Lemieux, Shawn"]
[Black "Zhong, Wenxuan"]
[Result "1-0"]
[WhiteElo "2305"]
[BlackElo "1839"]
[PlyCount "93"]
[EventDate "2018.01.12"]
[EventType "swiss"]
[EventRounds "5"]
[EventCountry "CAN"]

1. Nf3 d5 2. g3 Nf6 3. Bg2 Bf5 4. O-O e6 5. b3 Bd6 6. Bb2 O-O 7. c4 c6 8. d3
Nbd7 9. Nbd2 e5 10. cxd5 cxd5 11. e4 dxe4 12. dxe4 Bg6 13. Nh4 b5 14. Qe2 Qb6
15. Nxg6 hxg6 16. Rfd1 Nc5 17. Nf3 Rae8 18. Ng5 Ne6 19. Nxe6 Rxe6 20. Rac1 Nh5
21. Bh3 Rf6 22. Rd5 a6 23. Rc2 Re8 24. Bc1 Bb8 25. Be3 Qb7 26. Bc5 Bc7 27. Bd7
Rfe6 28. Bxe8 Rxe8 29. f3 Nf6 30. Rd1 g5 31. h3 Nh5 32. Kg2 Nf6 33. Qe3 Re6 34.
Rcd2 Qc6 35. b4 Nh7 36. Qd3 Nf6 37. Qe3 Nh7 38. Rd3 g6 39. Qd2 f5 40. Re1 fxe4
41. fxe4 Nf6 42. Rde3 a5 43. a3 g4 44. hxg4 Nxg4 45. Rf3 Nf6 46. Qh6 Qe8 47.
Rh1 1-0

[Event "Mercredi 2018.01.10 ABCD"]
[Site "Montreal CAN"]
[Date "2018.01.17"]
[Round "2"]
[White "Rodrigue-Lemieux, Shawn"]
[Black "Leveille, Francois"]
[Result "1/2-1/2"]
[WhiteElo "2315"]
[BlackElo "2310"]
[PlyCount "101"]
[EventDate "2018.01.10"]
[EventType "tourn"]
[EventRounds "5"]
[EventCountry "CAN"]

1. e4 e6 2. d4 d5 3. Nd2 c5 4. Ngf3 cxd4 5. exd5 Qxd5 6. Bc4 Qd6 7. O-O Nf6 8.
Nb3 Nc6 9. Nbxd4 Nxd4 10. Nxd4 a6 11. c3 Qc7 12. Bb3 Bd6 13. h3 O-O 14. Bg5
Bh2+ 15. Kh1 Bf4 16. Bxf4 Qxf4 17. Qf3 Qxf3 18. Nxf3 Bd7 19. Ne5 Rfc8 20. Rad1
Be8 21. g4 b5 22. Rd4 Rc5 23. f4 a5 24. Kg2 a4 25. Bd1 a3 26. Bf3 Rac8 27. bxa3
Rxc3 28. g5 Rxa3 29. gxf6 gxf6 30. Ng4 Kg7 31. Rf2 Rcc3 32. Nh2 f5 33. Rd8 Kf8
34. Rdd2 Rc4 35. Be2 Bc6+ 36. Kf1 Rc1+ 37. Rd1 Rc2 38. Nf3 Bxf3 39. Bxf3 Raxa2
40. Rxc2 Rxc2 41. Be2 Rb2 42. Kf2 Ke7 43. Ke3 Rb3+ 44. Bd3 Rb2 45. Rb1 Rxb1 46.
Bxb1 f6 47. Bd3 b4 48. Bc4 e5 49. h4 h6 50. Bb3 Kf8 51. Bc2 1/2-1/2

[Event "Mercredi 2018.01.10 ABCD"]
[Site "Montreal CAN"]
[Date "2018.01.24"]
[Round "3"]
[White "Lopez Linares, Lizandro"]
[Black "Rodrigue-Lemieux, Shawn"]
[Result "0-1"]
[WhiteElo "2198"]
[BlackElo "2315"]
[PlyCount "66"]
[EventDate "2018.01.10"]
[EventType "tourn"]
[EventRounds "5"]
[EventCountry "CAN"]

1. d4 d5 2. Nf3 Nf6 3. c4 e6 4. Nc3 Be7 5. Bf4 O-O 6. e3 b6 7. Rc1 Bb7 8. a3 a6
9. cxd5 exd5 10. Bd3 Nbd7 11. h3 c5 12. O-O Rc8 13. dxc5 bxc5 14. Qe2 c4 15.
Bc2 Re8 16. Rfd1 Nf8 17. Nd4 Ng6 18. Ba4 Nxf4 19. exf4 Rf8 20. Rd2 Bc5 21. Rcd1
Nd7 22. Qf3 Nb6 23. Bc2 Qf6 24. g4 Rfe8 25. g5 Qd6 26. h4 Rc7 27. h5 Rce7 28.
Kf1 g6 29. Nce2 c3 30. Nxc3 Nc4 31. f5 Nxd2+ 32. Rxd2 Bxd4 33. Rxd4 Qh2 0-1

[Event "Mercredi 2018.01.10 ABCD"]
[Site "Montreal CAN"]
[Date "2018.01.31"]
[Round "4"]
[White "Rodrigue-Lemieux, Shawn"]
[Black "Soudre, Nicolas"]
[Result "1-0"]
[WhiteElo "2315"]
[BlackElo "2253"]
[PlyCount "69"]
[EventDate "2018.01.10"]
[EventType "tourn"]
[EventRounds "5"]
[EventCountry "CAN"]

1. e4 e6 2. d4 d5 3. Nd2 Nf6 4. e5 Nfd7 5. f4 c5 6. c3 Nc6 7. Ndf3 Qb6 8. g3
cxd4 9. cxd4 Bb4+ 10. Kf2 g5 11. fxg5 Ndxe5 12. Nxe5 Nxe5 13. Kg2 Nc6 14. Nf3
Bf8 15. b3 Bg7 16. Bb2 Bd7 17. Rc1 h6 18. Qd2 Qb4 19. Bc3 Qe7 20. g6 fxg6 21.
Bb5 O-O-O 22. Bb4 Qf6 23. Rhf1 Qf5 24. Bd3 Qh5 25. Bd6 e5 26. dxe5 Bh3+ 27. Kg1
Bxf1 28. Qa5 Rxd6 29. exd6 Kb8 30. Qc7+ Ka8 31. Qxg7 Qxf3 32. Qxh8+ Nb8 33.
Rxf1 Qe3+ 34. Kh1 Qxd3 35. Qxb8+ 1-0

[Event "Mercredi 2018.01.10 ABCD"]
[Site "Montreal CAN"]
[Date "2018.02.07"]
[Round "5"]
[White "Langlois-Remillard, Alexis"]
[Black "Rodrigue-Lemieux, Shawn"]
[Result "0-1"]
[WhiteElo "2109"]
[BlackElo "2315"]
[PlyCount "44"]
[EventDate "2018.01.10"]
[EventType "tourn"]
[EventRounds "5"]
[EventCountry "CAN"]

1. b3 c5 2. Bb2 Nc6 3. e3 d6 4. g3 e5 5. Bg2 g6 6. c4 Bg7 7. Ne2 Nge7 8. O-O
O-O 9. Nbc3 Be6 10. d3 d5 11. cxd5 Nxd5 12. Na4 Qe7 13. Rc1 b6 14. d4 exd4 15.
exd4 Rad8 16. dxc5 Bxb2 17. Nxb2 Ne3 18. Qe1 Nxf1 19. Bxc6 Nd2 20. Nf4 bxc5 21.
Nfd3 c4 22. Nxc4 Nxc4 0-1

[Event "Winter Classic inv."]
[Site "Montreal CAN"]
[Date "2018.01.03"]
[Round "2"]
[White "Rodrigue-Lemieux, Shawn"]
[Black "Yu, Zong Yang"]
[Result "0-1"]
[WhiteElo "2081"]
[BlackElo "2392"]
[PlyCount "52"]
[EventDate "2018.01.02"]
[EventType "tourn"]
[EventRounds "7"]
[EventCountry "CAN"]

1. e4 c5 2. b3 g6 3. Bb2 Nf6 4. e5 Nd5 5. Bc4 Nb6 6. Nf3 Bg7 7. O-O O-O 8. Re1
Nxc4 9. bxc4 Nc6 10. Nc3 d6 11. exd6 exd6 12. h3 Be6 13. d3 Qa5 14. Qd2 Nd4 15.
Nxd4 Bxd4 16. Rab1 d5 17. cxd5 Bxd5 18. Ba1 Rae8 19. a4 Bc6 20. Kf1 Rxe1+ 21.
Rxe1 Bxa4 22. Re3 Bxc2 23. Bb2 Ba4 24. h4 Bc6 25. h5 Qd8 26. Ne4 Bxe4 0-1

[Event "Winter Classic inv."]
[Site "Montreal CAN"]
[Date "2018.01.03"]
[Round "3"]
[White "Masse, Hugues"]
[Black "Rodrigue-Lemieux, Shawn"]
[Result "1/2-1/2"]
[WhiteElo "2129"]
[BlackElo "2081"]
[PlyCount "48"]
[EventDate "2018.01.02"]
[EventType "tourn"]
[EventRounds "7"]
[EventCountry "CAN"]

1. e4 c6 2. d4 d5 3. e5 Bf5 4. Nf3 e6 5. Be2 Bb4+ 6. c3 Ba5 7. Qb3 Qc8 8. Nh4
Bg6 9. Bg5 Nd7 10. Nxg6 hxg6 11. Nd2 f6 12. exf6 gxf6 13. Be3 Ne7 14. O-O-O Qc7
15. h4 O-O-O 16. g4 c5 17. Kb1 c4 18. Qc2 b5 19. b4 Bb6 20. a4 bxa4 21. Qxa4
Qb7 22. Bf3 Qc7 23. Qa6+ Kb8 24. Kc2 e5 1/2-1/2

[Event "Winter Classic inv."]
[Site "Montreal CAN"]
[Date "2018.01.04"]
[Round "4"]
[White "Rodrigue-Lemieux, Shawn"]
[Black "Talukdar, Rohan"]
[Result "1/2-1/2"]
[WhiteElo "2081"]
[BlackElo "2290"]
[PlyCount "67"]
[EventDate "2018.01.02"]
[EventType "tourn"]
[EventRounds "7"]
[EventCountry "CAN"]

1. e4 c5 2. Nf3 d6 3. d4 cxd4 4. Qxd4 Nc6 5. Bb5 Bd7 6. Bxc6 Bxc6 7. Nc3 Nf6 8.
Bg5 e6 9. O-O-O Be7 10. Qd3 Qa5 11. Bd2 d5 12. Nd4 dxe4 13. Nxc6 bxc6 14. Qc4
Qb6 15. Be3 Qb7 16. Nxe4 O-O 17. Nxf6+ Bxf6 18. Bd4 Bxd4 19. Qxd4 Rab8 20. f3
Qe7 21. Rhe1 Rb4 22. Qd6 Qg5+ 23. Qd2 Qc5 24. Re3 Qb6 25. Rb3 a5 26. Rxb4 axb4
27. Qd4 Qb5 28. Qd3 Qc5 29. Qd4 Qg5+ 30. f4 Qxg2 31. Rg1 c5 32. Qxc5 Qxh2 33.
Rxg7+ Kxg7 34. Qg5+ 1/2-1/2

[Event "Winter Classic inv."]
[Site "Montreal CAN"]
[Date "2018.01.05"]
[Round "6"]
[White "Rodrigue-Lemieux, Shawn"]
[Black "Hua, Eugene"]
[Result "1/2-1/2"]
[WhiteElo "2081"]
[BlackElo "2254"]
[PlyCount "123"]
[EventDate "2018.01.02"]
[EventType "tourn"]
[EventRounds "7"]
[EventCountry "CAN"]

1. c4 c5 2. Nc3 Nc6 3. g3 g6 4. Bg2 Bg7 5. d3 d6 6. e4 e6 7. Nge2 Nge7 8. O-O
O-O 9. Be3 Nd4 10. f4 a6 11. g4 Nxe2+ 12. Qxe2 f5 13. gxf5 exf5 14. e5 Nc6 15.
exd6 Qxd6 16. Nd5 Be6 17. Kh1 Rae8 18. Qf2 Bd4 19. Rae1 Kg7 20. Bxd4+ Nxd4 21.
b4 Bxd5 22. Bxd5 b6 23. bxc5 bxc5 24. Re3 Rxe3 25. Qxe3 Rb8 26. Re1 Rb2 27. a4
Nc2 28. Qe7+ Qxe7 29. Rxe7+ Kf8 30. Rf7+ Ke8 31. Rxh7 Nb4 32. Bf7+ Ke7 33. Bd5+
Kd8 34. Rh8+ Kc7 35. Rh7+ Kd8 36. Rg7 Nxd3 37. Rg8+ Ke7 38. Rg7+ Kd8 39. Rg8+
Kc7 40. Rg7+ Kb6 41. Rb7+ Ka5 42. Rxb2 Nxb2 43. Bf7 Nd3 44. Bxg6 Nxf4 45. Be8
Kb4 46. h4 Kxc4 47. h5 Nxh5 48. Bxh5 Kb3 49. Kg2 c4 50. Bf7 Kb4 51. Bg6 Kxa4
52. Bxf5 Kb3 53. Kf2 a5 54. Ke3 a4 55. Be6 Kc3 56. Bxc4 Kxc4 57. Kd2 Kb3 58.
Kc1 Ka2 59. Kc2 a3 60. Kc1 Ka1 61. Kc2 a2 62. Kc1 1/2-1/2

[Event "Winter Classic inv."]
[Site "Montreal CAN"]
[Date "2018.01.06"]
[Round "7"]
[White "Sai Krishna, GV."]
[Black "Rodrigue-Lemieux, Shawn"]
[Result "1-0"]
[WhiteElo "2370"]
[BlackElo "2081"]
[PlyCount "125"]
[EventDate "2018.01.02"]
[EventType "tourn"]
[EventRounds "7"]
[EventCountry "CAN"]

1. e4 c6 2. Nc3 d5 3. d4 dxe4 4. Nxe4 Nf6 5. Nxf6+ exf6 6. Bc4 Bd6 7. Ne2 O-O
8. O-O Bg4 9. h3 Bh5 10. g4 Bg6 11. f4 b5 12. Bb3 Be4 13. Ng3 Bd5 14. Bxd5 cxd5
15. c3 Qd7 16. Qb3 Bc7 17. Re1 a6 18. a4 bxa4 19. Qxa4 Qxa4 20. Rxa4 Nc6 21.
Nf5 a5 22. Ne7+ Nxe7 23. Rxe7 Rac8 24. Kf2 Rfd8 25. f5 Kf8 26. Re2 Rd7 27. b3
Bb6 28. Ba3+ Kg8 29. Bc5 Rb7 30. Bxb6 Rxb6 31. Rxa5 Rxb3 32. Rc5 Rbb8 33. Ke3
Rd8 34. Ra2 Rd7 35. Rca5 Kf8 36. Ra8 Rdd8 37. Rxb8 Rxb8 38. Kd3 Ke7 39. Ra7+
Ke8 40. Kc2 Rc8 41. Rb7 Ra8 42. Rb5 Rd8 43. Kb3 g6 44. Rb6 Ke7 45. Kb4 Rd7 46.
Kc5 h5 47. Rc6 hxg4 48. hxg4 gxf5 49. gxf5 Rd8 50. Kb6 Rb8+ 51. Kc7 Rd8 52. Rc5
Rd7+ 53. Kc6 Rd6+ 54. Kb7 Ke8 55. Rc8+ Ke7 56. Rc6 Rd8 57. Rc7+ Kd6 58. Rxf7
Rh8 59. Rxf6+ Kd7 60. Rc6 Rh1 61. Kb6 Rb1+ 62. Kc5 Rf1 63. Rd6+ 1-0

[Event "Pere Noel"]
[Site "Montreal CAN"]
[Date "2017.12.27"]
[Round "1.7"]
[White "Destree, Frederic"]
[Black "Rodrigue-Lemieux, Shawn"]
[Result "0-1"]
[WhiteElo "1924"]
[BlackElo "2308"]
[PlyCount "86"]
[EventDate "2017.12.27"]
[EventType "swiss"]
[EventRounds "5"]
[EventCountry "CAN"]

1. Nf3 d5 2. g3 Nf6 3. Bg2 e6 4. O-O Be7 5. d3 c5 6. Nbd2 Nc6 7. e4 O-O 8. Re1
b5 9. e5 Nd7 10. h4 a5 11. Nf1 c4 12. d4 b4 13. N1h2 Nb6 14. Ng4 c3 15. b3 a4
16. Be3 axb3 17. axb3 Ra3 18. Bf1 f5 19. exf6 gxf6 20. Nh6+ Kg7 21. Bf4 Rxa1
22. Qxa1 e5 23. dxe5 fxe5 24. Nxe5 Nxe5 25. Rxe5 Rxf4 26. gxf4 Kxh6 27. Qd1 Kg7
28. Qh5 Bf6 29. Re8 Qd7 30. Be2 Qf7 31. Qxf7+ Kxf7 32. Re3 Bf5 33. Bd3 Bxd3 34.
Rxd3 d4 35. Kf1 Nd5 36. Rf3 Ke6 37. Ke2 Kf5 38. Kd3 Nxf4+ 39. Kc4 d3 40. Rxd3
Nxd3 41. Kxd3 Bxh4 42. f3 Kf4 43. Ke2 h5 0-1

[Event "Pere Noel"]
[Site "Montreal CAN"]
[Date "2017.12.28"]
[Round "2.7"]
[White "Rodrigue-Lemieux, Shawn"]
[Black "Durette, Francis"]
[Result "1-0"]
[WhiteElo "2308"]
[BlackElo "2098"]
[PlyCount "83"]
[EventDate "2017.12.27"]
[EventType "swiss"]
[EventRounds "5"]
[EventCountry "CAN"]

1. e4 d6 2. Nc3 g6 3. Bc4 Bg7 4. d3 Nf6 5. f4 c6 6. Bd2 a5 7. a4 Na6 8. Nf3 Qb6
9. Qc1 Nb4 10. Ra3 Nd7 11. Ke2 e6 12. Be3 Qc7 13. Re1 O-O 14. Kf1 Nf6 15. h3
Rd8 16. Bb3 d5 17. e5 Nd7 18. d4 Nb6 19. Kg1 Rb8 20. Qd2 Bf8 21. Raa1 Bd7 22.
Qf2 Be7 23. g4 Nc4 24. Bxc4 dxc4 25. Ne4 Nd5 26. g5 Qb6 27. c3 Qa6 28. Re2 b5
29. Nf6+ Nxf6 30. gxf6 Bf8 31. Qh4 h5 32. Rg2 Kh8 33. Rg5 Bh6 34. Kh2 Rg8 35.
Rag1 Qc8 36. f5 bxa4 37. fxg6 Rxb2+ 38. Kh1 fxg6 39. Rxg6 Rxg6 40. Rxg6 Rb1+
41. Kh2 Rb2+ 42. Nd2 1-0

[Event "Pere Noel"]
[Site "Montreal CAN"]
[Date "2017.12.30"]
[Round "5.6"]
[White "Saha, Ananda"]
[Black "Rodrigue-Lemieux, Shawn"]
[Result "0-1"]
[WhiteElo "2132"]
[BlackElo "2308"]
[PlyCount "112"]
[EventDate "2017.12.27"]
[EventType "swiss"]
[EventRounds "5"]
[EventCountry "CAN"]

1. b3 c5 2. Bb2 Nc6 3. Nf3 d6 4. g3 e5 5. d3 Nge7 6. e4 g6 7. Bg2 Bg7 8. Nbd2
O-O 9. O-O f5 10. exf5 Bxf5 11. Re1 Qd7 12. Ng5 b6 13. f3 h6 14. Nge4 d5 15.
Nf2 d4 16. Nde4 Nd5 17. Bc1 Rad8 18. Bd2 a6 19. a4 Be6 20. a5 Qa7 21. axb6 Qxb6
22. Qc1 Kh7 23. Nd1 Rf7 24. Nb2 Bf8 25. Nc4 Qa7 26. Nf2 Bg7 27. f4 Rdf8 28. Nd1
Ndb4 29. Bxb4 Nxb4 30. Nxe5 Bxe5 31. Rxe5 Bxb3 32. cxb3 Nxd3 33. Qc4 Nxe5 34.
fxe5 Qc7 35. e6 Re7 36. Nf2 Qe5 37. Ne4 Rxe6 38. Rxa6 Rxa6 39. Qxa6 Rf7 40. Qc4
Rc7 41. Qf1 Kg7 42. Qc4 Kh7 43. h3 Kg7 44. Qb5 Qe7 45. Qb6 d3 46. Qa5 Qe5 47.
Kh2 Rd7 48. Qd2 Qd4 49. h4 Re7 50. Qf4 Rf7 51. Qd2 Rd7 52. Bh1 Re7 53. Qf4 d2
54. Bf3 Rf7 55. Qg4 Rxf3 56. Qxf3 d1=Q 0-1

[Event "Olympiad U16"]
[Site "Ahmedabad IND"]
[Date "2017.12.12"]
[Round "2.3"]
[White "Tarigan, Gilbert Elroy"]
[Black "Rodrigue-Lemieux, Shawn"]
[Result "1-0"]
[WhiteElo "2091"]
[BlackElo "2137"]
[PlyCount "115"]
[EventDate "2017.12.11"]
[EventType "team"]
[EventRounds "9"]
[EventCountry "IND"]
[Source "Chess Mix"]
[SourceDate "2017.12.20"]
[WhiteTeam "Indonesia"]
[BlackTeam "Canada"]
[WhiteTeamCountry "INA"]
[BlackTeamCountry "CAN"]

1. d4 d5 2. Nf3 Nf6 3. g3 e6 4. Bg2 Be7 5. O-O O-O 6. c4 dxc4 7. Qc2 a6 8. Qxc4
b5 9. Qc2 Bb7 10. Rd1 Be4 11. Qb3 Nc6 12. Bd2 Nd5 13. Be1 Rb8 14. Ne5 Nxe5 15.
Bxe4 Nc4 16. Na3 Nxa3 17. bxa3 c6 18. Rac1 Qd7 19. e3 Rfc8 20. Rc2 g6 21. Rdc1
Kg7 22. Bf3 f5 23. Ba5 g5 24. Qd3 Bf6 25. Bb4 Ra8 26. e4 Nxb4 27. axb4 Bxd4 28.
Rd1 Rd8 29. Rcd2 Qa7 30. Qe2 Bf6 31. exf5 exf5 32. Bxc6 Rxd2 33. Rxd2 Rd8 34.
Rxd8 Bxd8 35. Qe5+ Bf6 36. Qxf5 Qe7 37. Be4 Kg8 38. Bd3 Kf8 39. Qc8+ Kg7 40.
Qxa6 Bd4 41. Kg2 Qxb4 42. Qb7+ Kf8 43. Bxb5 Qb2 44. Qf3+ Kg7 45. Bc4 Bf6 46.
Bb3 Qe5 47. Qb7+ Be7 48. a4 h5 49. Qf3 g4 50. Qf7+ Kh6 51. Bc2 Qf6 52. Qh7+ Kg5
53. Qg8+ Kh6 54. Qh7+ Kg5 55. h4+ gxh3+ 56. Kxh3 Qe6+ 57. Kg2 Qc6+ 58. Be4 1-0

[Event "Olympiad U16"]
[Site "Ahmedabad IND"]
[Date "2017.12.12"]
[Round "3.3"]
[White "Rodrigue-Lemieux, Shawn"]
[Black "Yang, Gordon"]
[Result "1-0"]
[WhiteElo "2137"]
[BlackElo "1693"]
[PlyCount "85"]
[EventDate "2017.12.11"]
[EventType "team"]
[EventRounds "9"]
[EventCountry "IND"]
[Source "Chess Mix"]
[SourceDate "2017.12.20"]
[WhiteTeam "Canada"]
[BlackTeam "Australia"]
[WhiteTeamCountry "CAN"]
[BlackTeamCountry "AUS"]

1. e4 c5 2. Ne2 e6 3. g3 Nc6 4. Bg2 d5 5. exd5 exd5 6. O-O Nf6 7. d4 cxd4 8.
Nxd4 Be7 9. Re1 O-O 10. Be3 Bg4 11. Qd3 Qd7 12. Nd2 Rac8 13. c3 Ne5 14. Qf1 Nc4
15. Nxc4 dxc4 16. f3 Bh5 17. Bh3 Qd5 18. Bxc8 Rxc8 19. Rad1 Bg6 20. Bf4 Bc5 21.
Kg2 Bd3 22. Qf2 Qd7 23. Be3 Nd5 24. Qd2 Nxe3+ 25. Qxe3 h6 26. Qe5 Bxd4 27. Qxd4
Qxd4 28. cxd4 b5 29. Re5 a5 30. Rc5 Rb8 31. Kf2 a4 32. Ke3 b4 33. d5 Kf8 34.
Kd4 a3 35. bxa3 bxa3 36. d6 Ke8 37. Re1+ Kd7 38. Kd5 Bh7 39. g4 Bg8 40. Rc7+
Kd8 41. Kc6 Ra8 42. Rd7+ Kc8 43. Re8# 1-0

[Event "Olympiad U16"]
[Site "Ahmedabad IND"]
[Date "2017.12.13"]
[Round "4.3"]
[White "Poleg, Dan"]
[Black "Rodrigue-Lemieux, Shawn"]
[Result "1-0"]
[WhiteElo "2268"]
[BlackElo "2137"]
[PlyCount "75"]
[EventDate "2017.12.11"]
[EventType "team"]
[EventRounds "9"]
[EventCountry "IND"]
[Source "Chess Mix"]
[SourceDate "2017.12.20"]
[WhiteTeam "Israel"]
[BlackTeam "Canada"]
[WhiteTeamCountry "ISR"]
[BlackTeamCountry "CAN"]

1. d4 d5 2. Nf3 Nf6 3. Bf4 g6 4. e3 Bg7 5. Nbd2 Nbd7 6. Bd3 c5 7. c3 O-O 8. h3
Qb6 9. Rb1 Re8 10. Qa4 cxd4 11. cxd4 Nf8 12. b4 Bd7 13. Qb3 Rac8 14. a4 Qc6 15.
b5 Qc3 16. O-O Bf5 17. Bxf5 gxf5 18. Qxc3 Rxc3 19. Rfc1 Rec8 20. Rxc3 Rxc3 21.
b6 axb6 22. Rxb6 Ng6 23. Rxb7 Nxf4 24. exf4 Bh6 25. Rb8+ Kg7 26. g3 Ne4 27. a5
Rd3 28. a6 Ra3 29. Ra8 Ra1+ 30. Kg2 Ra2 31. a7 Nd6 32. Ne5 Nb5 33. Nc6 Nxa7 34.
Rxa7 Rxd2 35. Nxe7 Kf6 36. Nxd5+ Kg6 37. Ra6+ Kg7 38. Ne3 1-0